Ready, Steady, Go (Record no. 9463)
[ view plain ]
| 000 -LEADER | |
|---|---|
| fixed length control field | 00362nam a22001457a 4500 |
| 008 - FIXED-LENGTH DATA ELEMENTS--GENERAL INFORMATION | |
| fixed length control field | 230405b |||||||| |||| 00| 0 eng d |
| 020 ## - INTERNATIONAL STANDARD BOOK NUMBER | |
| International Standard Book Number | 978-81-8495-6654-2 |
| 082 ## - DEWEY DECIMAL CLASSIFICATION NUMBER | |
| Classification number | 650.1 |
| 100 ## - MAIN ENTRY--PERSONAL NAME | |
| Personal name | Deepak Mehra |
| 245 ## - TITLE STATEMENT | |
| Title | Ready, Steady, Go |
| 260 ## - PUBLICATION, DISTRIBUTION, ETC. | |
| Name of publisher, distributor, etc. | Jaico Publishing House, |
| Date of publication, distribution, etc. | 2015 |
| 300 ## - PHYSICAL DESCRIPTION | |
| Extent | 209 p. |
| Dimensions | 21.5 cm |
| 942 ## - Added entry Elements (Koha) | |
| Source of classification or shelving scheme | Dewey Decimal Classification |
| Withdrawn status | Lost status | Source of classification or shelving scheme | Damaged status | Not for loan | Collection code | Home library | Current library | Shelving location | Date acquired | Serial Enumeration / chronology | Total Checkouts | Total Renewals | Full call number | Barcode | Date last seen | Date last checked out | Price effective from | Koha item type |
|---|---|---|---|---|---|---|---|---|---|---|---|---|---|---|---|---|---|---|
| Dewey Decimal Classification | Popular Collection | RTC Library | RTC Library | Popular Collection | 05/04/2023 | 177303 | 2 | 2 | 650.1 MEH | 30018349 | 02/09/2024 | 12/08/2024 | 05/04/2023 | Main |